<?xml version="1.0" encoding="UTF-8"?>
<collection xmlns="http://www.loc.gov/MARC21/slim">
<record>
  <controlfield tag="001">362230</controlfield>
  <controlfield tag="005">20260305232657.0</controlfield>
  <datafield tag="024" ind1="7" ind2=" ">
    <subfield code="a">10.1103/2tdc-5by6</subfield>
    <subfield code="2">doi</subfield>
  </datafield>
  <datafield tag="024" ind1="7" ind2=" ">
    <subfield code="a">2469-9985</subfield>
    <subfield code="2">ISSN</subfield>
  </datafield>
  <datafield tag="024" ind1="7" ind2=" ">
    <subfield code="a">1538-4497</subfield>
    <subfield code="2">ISSN</subfield>
  </datafield>
  <datafield tag="024" ind1="7" ind2=" ">
    <subfield code="a">0556-2813</subfield>
    <subfield code="2">ISSN</subfield>
  </datafield>
  <datafield tag="024" ind1="7" ind2=" ">
    <subfield code="a">1089-490X</subfield>
    <subfield code="2">ISSN</subfield>
  </datafield>
  <datafield tag="024" ind1="7" ind2=" ">
    <subfield code="a">2469-9993</subfield>
    <subfield code="2">ISSN</subfield>
  </datafield>
  <datafield tag="024" ind1="7" ind2=" ">
    <subfield code="a">2470-0002</subfield>
    <subfield code="2">ISSN</subfield>
  </datafield>
  <datafield tag="024" ind1="7" ind2=" ">
    <subfield code="a">10.15120/GSI-2025-01094</subfield>
    <subfield code="2">datacite_doi</subfield>
  </datafield>
  <datafield tag="024" ind1="7" ind2=" ">
    <subfield code="a">altmetric:175795511</subfield>
    <subfield code="2">altmetric</subfield>
  </datafield>
  <datafield tag="024" ind1="7" ind2=" ">
    <subfield code="a">WOS:001565135800001</subfield>
    <subfield code="2">WOS</subfield>
  </datafield>
  <datafield tag="037" ind1=" " ind2=" ">
    <subfield code="a">GSI-2025-01094</subfield>
  </datafield>
  <datafield tag="082" ind1=" " ind2=" ">
    <subfield code="a">530</subfield>
  </datafield>
  <datafield tag="100" ind1="1" ind2=" ">
    <subfield code="a">Afzal, F.</subfield>
    <subfield code="0">0000-0001-8063-6719</subfield>
    <subfield code="b">0</subfield>
  </datafield>
  <datafield tag="245" ind1=" " ind2=" ">
    <subfield code="a">Measurement of spin-density matrix elements in $\phi(1020)\rightarrow K^{0}_{s}K^{0}_{L}$ photoproduction with a linearly polarized photon beam at $E_{\gamma} = 8.2 – 8.8 GeV$</subfield>
  </datafield>
  <datafield tag="260" ind1=" " ind2=" ">
    <subfield code="a">Woodbury, NY</subfield>
    <subfield code="c">2025</subfield>
    <subfield code="b">Inst.</subfield>
  </datafield>
  <datafield tag="336" ind1="7" ind2=" ">
    <subfield code="a">article</subfield>
    <subfield code="2">DRIVER</subfield>
  </datafield>
  <datafield tag="336" ind1="7" ind2=" ">
    <subfield code="a">Output Types/Journal article</subfield>
    <subfield code="2">DataCite</subfield>
  </datafield>
  <datafield tag="336" ind1="7" ind2=" ">
    <subfield code="a">Journal Article</subfield>
    <subfield code="b">journal</subfield>
    <subfield code="m">journal</subfield>
    <subfield code="0">PUB:(DE-HGF)16</subfield>
    <subfield code="s">1769073551_3708048</subfield>
    <subfield code="2">PUB:(DE-HGF)</subfield>
  </datafield>
  <datafield tag="336" ind1="7" ind2=" ">
    <subfield code="a">ARTICLE</subfield>
    <subfield code="2">BibTeX</subfield>
  </datafield>
  <datafield tag="336" ind1="7" ind2=" ">
    <subfield code="a">JOURNAL_ARTICLE</subfield>
    <subfield code="2">ORCID</subfield>
  </datafield>
  <datafield tag="336" ind1="7" ind2=" ">
    <subfield code="a">Journal Article</subfield>
    <subfield code="0">0</subfield>
    <subfield code="2">EndNote</subfield>
  </datafield>
  <datafield tag="500" ind1=" " ind2=" ">
    <subfield code="a">Published by the American Physical Society under the terms of the Creative Commons Attribution 4.0 International license. Funded by SCOAP3</subfield>
  </datafield>
  <datafield tag="536" ind1=" " ind2=" ">
    <subfield code="a">612 - Cosmic Matter in the Laboratory (POF4-612)</subfield>
    <subfield code="0">G:(DE-HGF)POF4-612</subfield>
    <subfield code="c">POF4-612</subfield>
    <subfield code="f">POF IV</subfield>
    <subfield code="x">0</subfield>
  </datafield>
  <datafield tag="588" ind1=" " ind2=" ">
    <subfield code="a">Dataset connected to CrossRef, Journals: repository.gsi.de</subfield>
  </datafield>
  <datafield tag="693" ind1=" " ind2=" ">
    <subfield code="1">EXP:(DE-Ds200)GlueX-20200803</subfield>
    <subfield code="0">EXP:(DE-Ds200)GlueX-20200803</subfield>
    <subfield code="a">GlueX Experiment at J-Lab ( - ; other)</subfield>
    <subfield code="x">0</subfield>
  </datafield>
  <datafield tag="700" ind1="1" ind2=" ">
    <subfield code="a">Akondi, C. S.</subfield>
    <subfield code="0">0000-0001-6303-5217</subfield>
    <subfield code="b">1</subfield>
  </datafield>
  <datafield tag="700" ind1="1" ind2=" ">
    <subfield code="a">Albrecht, M.</subfield>
    <subfield code="b">2</subfield>
  </datafield>
  <datafield tag="700" ind1="1" ind2=" ">
    <subfield code="a">Amaryan, M.</subfield>
    <subfield code="0">0000-0002-5648-0256</subfield>
    <subfield code="b">3</subfield>
  </datafield>
  <datafield tag="700" ind1="1" ind2=" ">
    <subfield code="a">Arrigo, S.</subfield>
    <subfield code="b">4</subfield>
  </datafield>
  <datafield tag="700" ind1="1" ind2=" ">
    <subfield code="a">Arroyave, V.</subfield>
    <subfield code="b">5</subfield>
  </datafield>
  <datafield tag="700" ind1="1" ind2=" ">
    <subfield code="a">Asaturyan, A.</subfield>
    <subfield code="0">0000-0002-8105-913X</subfield>
    <subfield code="b">6</subfield>
  </datafield>
  <datafield tag="700" ind1="1" ind2=" ">
    <subfield code="a">Austregesilo, A.</subfield>
    <subfield code="0">0000-0002-9291-4429</subfield>
    <subfield code="b">7</subfield>
  </datafield>
  <datafield tag="700" ind1="1" ind2=" ">
    <subfield code="a">Baldwin, Z.</subfield>
    <subfield code="0">0000-0002-8534-0922</subfield>
    <subfield code="b">8</subfield>
  </datafield>
  <datafield tag="700" ind1="1" ind2=" ">
    <subfield code="a">Barbosa, F.</subfield>
    <subfield code="b">9</subfield>
  </datafield>
  <datafield tag="700" ind1="1" ind2=" ">
    <subfield code="a">Barlow, J.</subfield>
    <subfield code="0">0000-0003-0865-0529</subfield>
    <subfield code="b">10</subfield>
  </datafield>
  <datafield tag="700" ind1="1" ind2=" ">
    <subfield code="a">Barriga, E.</subfield>
    <subfield code="0">0000-0003-3415-617X</subfield>
    <subfield code="b">11</subfield>
  </datafield>
  <datafield tag="700" ind1="1" ind2=" ">
    <subfield code="a">Barsotti, R.</subfield>
    <subfield code="b">12</subfield>
  </datafield>
  <datafield tag="700" ind1="1" ind2=" ">
    <subfield code="a">Barton, D.</subfield>
    <subfield code="0">0009-0007-5646-2473</subfield>
    <subfield code="b">13</subfield>
  </datafield>
  <datafield tag="700" ind1="1" ind2=" ">
    <subfield code="a">Baturin, V.</subfield>
    <subfield code="b">14</subfield>
  </datafield>
  <datafield tag="700" ind1="1" ind2=" ">
    <subfield code="a">Berdnikov, V. V.</subfield>
    <subfield code="0">0000-0003-1603-4320</subfield>
    <subfield code="b">15</subfield>
  </datafield>
  <datafield tag="700" ind1="1" ind2=" ">
    <subfield code="a">Black, T.</subfield>
    <subfield code="b">16</subfield>
  </datafield>
  <datafield tag="700" ind1="1" ind2=" ">
    <subfield code="a">Boeglin, W.</subfield>
    <subfield code="0">0000-0001-9932-9161</subfield>
    <subfield code="b">17</subfield>
  </datafield>
  <datafield tag="700" ind1="1" ind2=" ">
    <subfield code="a">Boer, M.</subfield>
    <subfield code="b">18</subfield>
  </datafield>
  <datafield tag="700" ind1="1" ind2=" ">
    <subfield code="a">Briscoe, W. J.</subfield>
    <subfield code="0">0000-0001-5899-7622</subfield>
    <subfield code="b">19</subfield>
  </datafield>
  <datafield tag="700" ind1="1" ind2=" ">
    <subfield code="a">Britton, T.</subfield>
    <subfield code="b">20</subfield>
  </datafield>
  <datafield tag="700" ind1="1" ind2=" ">
    <subfield code="a">Brunner, R.</subfield>
    <subfield code="0">0009-0007-2413-8388</subfield>
    <subfield code="b">21</subfield>
  </datafield>
  <datafield tag="700" ind1="1" ind2=" ">
    <subfield code="a">Cao, S.</subfield>
    <subfield code="b">22</subfield>
  </datafield>
  <datafield tag="700" ind1="1" ind2=" ">
    <subfield code="a">Chudakov, E.</subfield>
    <subfield code="0">0000-0002-0255-8548</subfield>
    <subfield code="b">23</subfield>
  </datafield>
  <datafield tag="700" ind1="1" ind2=" ">
    <subfield code="a">Chung, G.</subfield>
    <subfield code="0">0000-0002-1194-9436</subfield>
    <subfield code="b">24</subfield>
  </datafield>
  <datafield tag="700" ind1="1" ind2=" ">
    <subfield code="a">Cole, P. L.</subfield>
    <subfield code="0">0000-0003-0487-0647</subfield>
    <subfield code="b">25</subfield>
  </datafield>
  <datafield tag="700" ind1="1" ind2=" ">
    <subfield code="a">Cortes, O.</subfield>
    <subfield code="b">26</subfield>
  </datafield>
  <datafield tag="700" ind1="1" ind2=" ">
    <subfield code="a">Crede, V.</subfield>
    <subfield code="0">0000-0002-4657-4945</subfield>
    <subfield code="b">27</subfield>
  </datafield>
  <datafield tag="700" ind1="1" ind2=" ">
    <subfield code="a">Dalton, M. M.</subfield>
    <subfield code="0">0000-0001-9204-7559</subfield>
    <subfield code="b">28</subfield>
  </datafield>
  <datafield tag="700" ind1="1" ind2=" ">
    <subfield code="a">Darulis, D.</subfield>
    <subfield code="0">0000-0001-7060-9522</subfield>
    <subfield code="b">29</subfield>
  </datafield>
  <datafield tag="700" ind1="1" ind2=" ">
    <subfield code="a">Deur, A.</subfield>
    <subfield code="0">0000-0002-2203-7723</subfield>
    <subfield code="b">30</subfield>
  </datafield>
  <datafield tag="700" ind1="1" ind2=" ">
    <subfield code="a">Dobbs, S.</subfield>
    <subfield code="0">0000-0001-5688-1968</subfield>
    <subfield code="b">31</subfield>
  </datafield>
  <datafield tag="700" ind1="1" ind2=" ">
    <subfield code="a">Dolgolenko, A.</subfield>
    <subfield code="0">0000-0002-9386-2165</subfield>
    <subfield code="b">32</subfield>
  </datafield>
  <datafield tag="700" ind1="1" ind2=" ">
    <subfield code="a">Dugger, M.</subfield>
    <subfield code="0">0000-0001-5927-7045</subfield>
    <subfield code="b">33</subfield>
  </datafield>
  <datafield tag="700" ind1="1" ind2=" ">
    <subfield code="a">Dzhygadlo, R.</subfield>
    <subfield code="0">P:(DE-Ds200)OR6529</subfield>
    <subfield code="b">34</subfield>
    <subfield code="u">gsi</subfield>
  </datafield>
  <datafield tag="700" ind1="1" ind2=" ">
    <subfield code="a">Ebersole, D.</subfield>
    <subfield code="0">0000-0001-9002-7917</subfield>
    <subfield code="b">35</subfield>
  </datafield>
  <datafield tag="700" ind1="1" ind2=" ">
    <subfield code="a">Edo, M.</subfield>
    <subfield code="b">36</subfield>
  </datafield>
  <datafield tag="700" ind1="1" ind2=" ">
    <subfield code="a">Egiyan, H.</subfield>
    <subfield code="0">0000-0002-5881-3616</subfield>
    <subfield code="b">37</subfield>
  </datafield>
  <datafield tag="700" ind1="1" ind2=" ">
    <subfield code="a">Erbora, T.</subfield>
    <subfield code="0">0000-0001-7266-1682</subfield>
    <subfield code="b">38</subfield>
  </datafield>
  <datafield tag="700" ind1="1" ind2=" ">
    <subfield code="a">Eugenio, P.</subfield>
    <subfield code="0">0000-0002-0588-0129</subfield>
    <subfield code="b">39</subfield>
  </datafield>
  <datafield tag="700" ind1="1" ind2=" ">
    <subfield code="a">Fabrizi, A.</subfield>
    <subfield code="b">40</subfield>
  </datafield>
  <datafield tag="700" ind1="1" ind2=" ">
    <subfield code="a">Fanelli, C.</subfield>
    <subfield code="0">0000-0002-1985-1329</subfield>
    <subfield code="b">41</subfield>
  </datafield>
  <datafield tag="700" ind1="1" ind2=" ">
    <subfield code="a">Fang, S.</subfield>
    <subfield code="0">0000-0001-5731-4113</subfield>
    <subfield code="b">42</subfield>
  </datafield>
  <datafield tag="700" ind1="1" ind2=" ">
    <subfield code="a">Foda, A. M.</subfield>
    <subfield code="b">43</subfield>
  </datafield>
  <datafield tag="700" ind1="1" ind2=" ">
    <subfield code="a">Fritsch, M.</subfield>
    <subfield code="b">44</subfield>
  </datafield>
  <datafield tag="700" ind1="1" ind2=" ">
    <subfield code="a">Furletov, S.</subfield>
    <subfield code="0">0000-0002-7178-8929</subfield>
    <subfield code="b">45</subfield>
  </datafield>
  <datafield tag="700" ind1="1" ind2=" ">
    <subfield code="a">Gan, L.</subfield>
    <subfield code="0">0000-0002-3516-8335</subfield>
    <subfield code="b">46</subfield>
  </datafield>
  <datafield tag="700" ind1="1" ind2=" ">
    <subfield code="a">Gao, H.</subfield>
    <subfield code="b">47</subfield>
  </datafield>
  <datafield tag="700" ind1="1" ind2=" ">
    <subfield code="a">Gardner, A.</subfield>
    <subfield code="b">48</subfield>
  </datafield>
  <datafield tag="700" ind1="1" ind2=" ">
    <subfield code="a">Gasparian, A.</subfield>
    <subfield code="b">49</subfield>
  </datafield>
  <datafield tag="700" ind1="1" ind2=" ">
    <subfield code="a">Glazier, D. I.</subfield>
    <subfield code="0">0000-0002-8929-6332</subfield>
    <subfield code="b">50</subfield>
  </datafield>
  <datafield tag="700" ind1="1" ind2=" ">
    <subfield code="a">Gleason, C.</subfield>
    <subfield code="0">0000-0002-4713-8969</subfield>
    <subfield code="b">51</subfield>
  </datafield>
  <datafield tag="700" ind1="1" ind2=" ">
    <subfield code="a">Goryachev, V. S.</subfield>
    <subfield code="0">0009-0003-0167-1367</subfield>
    <subfield code="b">52</subfield>
  </datafield>
  <datafield tag="700" ind1="1" ind2=" ">
    <subfield code="a">Grube, B.</subfield>
    <subfield code="0">0000-0001-8473-0454</subfield>
    <subfield code="b">53</subfield>
  </datafield>
  <datafield tag="700" ind1="1" ind2=" ">
    <subfield code="a">Guo, J.</subfield>
    <subfield code="0">0000-0003-2936-0088</subfield>
    <subfield code="b">54</subfield>
  </datafield>
  <datafield tag="700" ind1="1" ind2=" ">
    <subfield code="a">Guo, L.</subfield>
    <subfield code="b">55</subfield>
  </datafield>
  <datafield tag="700" ind1="1" ind2=" ">
    <subfield code="a">Hernandez, J.</subfield>
    <subfield code="0">0000-0002-6048-3986</subfield>
    <subfield code="b">56</subfield>
  </datafield>
  <datafield tag="700" ind1="1" ind2=" ">
    <subfield code="a">Hernandez, K.</subfield>
    <subfield code="b">57</subfield>
  </datafield>
  <datafield tag="700" ind1="1" ind2=" ">
    <subfield code="a">Hoffman, N. D.</subfield>
    <subfield code="0">0000-0002-8865-2286</subfield>
    <subfield code="b">58</subfield>
  </datafield>
  <datafield tag="700" ind1="1" ind2=" ">
    <subfield code="a">Hornidge, D.</subfield>
    <subfield code="0">0000-0001-6895-5338</subfield>
    <subfield code="b">59</subfield>
  </datafield>
  <datafield tag="700" ind1="1" ind2=" ">
    <subfield code="a">Huber, G.</subfield>
    <subfield code="0">0000-0002-5658-1065</subfield>
    <subfield code="b">60</subfield>
  </datafield>
  <datafield tag="700" ind1="1" ind2=" ">
    <subfield code="a">Hurck, P.</subfield>
    <subfield code="0">0000-0002-8473-1470</subfield>
    <subfield code="b">61</subfield>
  </datafield>
  <datafield tag="700" ind1="1" ind2=" ">
    <subfield code="a">Imoehl, W.</subfield>
    <subfield code="0">0000-0002-1554-1016</subfield>
    <subfield code="b">62</subfield>
  </datafield>
  <datafield tag="700" ind1="1" ind2=" ">
    <subfield code="a">Ireland, D. G.</subfield>
    <subfield code="0">0000-0001-7713-7011</subfield>
    <subfield code="b">63</subfield>
  </datafield>
  <datafield tag="700" ind1="1" ind2=" ">
    <subfield code="a">Ito, M. M.</subfield>
    <subfield code="0">0000-0002-8269-264X</subfield>
    <subfield code="b">64</subfield>
  </datafield>
  <datafield tag="700" ind1="1" ind2=" ">
    <subfield code="a">Jaegle, I.</subfield>
    <subfield code="0">0000-0001-7767-3420</subfield>
    <subfield code="b">65</subfield>
  </datafield>
  <datafield tag="700" ind1="1" ind2=" ">
    <subfield code="a">Jarvis, N. S.</subfield>
    <subfield code="0">0000-0002-3565-7585</subfield>
    <subfield code="b">66</subfield>
  </datafield>
  <datafield tag="700" ind1="1" ind2=" ">
    <subfield code="a">Jeske, T.</subfield>
    <subfield code="b">67</subfield>
  </datafield>
  <datafield tag="700" ind1="1" ind2=" ">
    <subfield code="a">Jing, M.</subfield>
    <subfield code="b">68</subfield>
  </datafield>
  <datafield tag="700" ind1="1" ind2=" ">
    <subfield code="a">Jones, R. T.</subfield>
    <subfield code="0">0000-0002-1410-6012</subfield>
    <subfield code="b">69</subfield>
  </datafield>
  <datafield tag="700" ind1="1" ind2=" ">
    <subfield code="a">Kakoyan, V.</subfield>
    <subfield code="b">70</subfield>
  </datafield>
  <datafield tag="700" ind1="1" ind2=" ">
    <subfield code="a">Kalicy, G.</subfield>
    <subfield code="b">71</subfield>
  </datafield>
  <datafield tag="700" ind1="1" ind2=" ">
    <subfield code="a">Khachatryan, V.</subfield>
    <subfield code="b">72</subfield>
  </datafield>
  <datafield tag="700" ind1="1" ind2=" ">
    <subfield code="a">Kourkoumelis, C.</subfield>
    <subfield code="0">0000-0003-0083-274X</subfield>
    <subfield code="b">73</subfield>
  </datafield>
  <datafield tag="700" ind1="1" ind2=" ">
    <subfield code="a">LaDuke, A.</subfield>
    <subfield code="0">0009-0000-8697-3556</subfield>
    <subfield code="b">74</subfield>
  </datafield>
  <datafield tag="700" ind1="1" ind2=" ">
    <subfield code="a">Larin, I.</subfield>
    <subfield code="b">75</subfield>
  </datafield>
  <datafield tag="700" ind1="1" ind2=" ">
    <subfield code="a">Lawrence, D.</subfield>
    <subfield code="0">0000-0003-0502-0847</subfield>
    <subfield code="b">76</subfield>
  </datafield>
  <datafield tag="700" ind1="1" ind2=" ">
    <subfield code="a">Lersch, D. I.</subfield>
    <subfield code="0">0000-0002-0356-0754</subfield>
    <subfield code="b">77</subfield>
  </datafield>
  <datafield tag="700" ind1="1" ind2=" ">
    <subfield code="a">Li, H.</subfield>
    <subfield code="b">78</subfield>
  </datafield>
  <datafield tag="700" ind1="1" ind2=" ">
    <subfield code="a">Liu, B.</subfield>
    <subfield code="b">79</subfield>
  </datafield>
  <datafield tag="700" ind1="1" ind2=" ">
    <subfield code="a">Livingston, K.</subfield>
    <subfield code="0">0000-0001-7166-7548</subfield>
    <subfield code="b">80</subfield>
  </datafield>
  <datafield tag="700" ind1="1" ind2=" ">
    <subfield code="a">Lorenti, L.</subfield>
    <subfield code="b">81</subfield>
  </datafield>
  <datafield tag="700" ind1="1" ind2=" ">
    <subfield code="a">Lyubovitskij, V.</subfield>
    <subfield code="0">0000-0001-7467-572X</subfield>
    <subfield code="b">82</subfield>
  </datafield>
  <datafield tag="700" ind1="1" ind2=" ">
    <subfield code="a">Mahmood, A.</subfield>
    <subfield code="b">83</subfield>
  </datafield>
  <datafield tag="700" ind1="1" ind2=" ">
    <subfield code="a">Marukyan, H.</subfield>
    <subfield code="0">0000-0002-4150-0533</subfield>
    <subfield code="b">84</subfield>
  </datafield>
  <datafield tag="700" ind1="1" ind2=" ">
    <subfield code="a">Matveev, V.</subfield>
    <subfield code="0">0000-0002-9431-905X</subfield>
    <subfield code="b">85</subfield>
  </datafield>
  <datafield tag="700" ind1="1" ind2=" ">
    <subfield code="a">McCaughan, M.</subfield>
    <subfield code="0">0000-0003-2649-3950</subfield>
    <subfield code="b">86</subfield>
  </datafield>
  <datafield tag="700" ind1="1" ind2=" ">
    <subfield code="a">McCracken, M.</subfield>
    <subfield code="0">0000-0001-8121-936X</subfield>
    <subfield code="b">87</subfield>
  </datafield>
  <datafield tag="700" ind1="1" ind2=" ">
    <subfield code="a">Meyer, C. A.</subfield>
    <subfield code="0">0000-0001-7599-3973</subfield>
    <subfield code="b">88</subfield>
  </datafield>
  <datafield tag="700" ind1="1" ind2=" ">
    <subfield code="a">Miskimen, R.</subfield>
    <subfield code="0">0009-0002-4021-5201</subfield>
    <subfield code="b">89</subfield>
  </datafield>
  <datafield tag="700" ind1="1" ind2=" ">
    <subfield code="a">Mitchell, R. E.</subfield>
    <subfield code="0">0000-0003-2248-4109</subfield>
    <subfield code="b">90</subfield>
  </datafield>
  <datafield tag="700" ind1="1" ind2=" ">
    <subfield code="a">Mizutani, K.</subfield>
    <subfield code="0">0009-0003-0800-441X</subfield>
    <subfield code="b">91</subfield>
  </datafield>
  <datafield tag="700" ind1="1" ind2=" ">
    <subfield code="a">Moran, P.</subfield>
    <subfield code="b">92</subfield>
  </datafield>
  <datafield tag="700" ind1="1" ind2=" ">
    <subfield code="a">Neelamana, V.</subfield>
    <subfield code="0">0000-0003-4907-1881</subfield>
    <subfield code="b">93</subfield>
  </datafield>
  <datafield tag="700" ind1="1" ind2=" ">
    <subfield code="a">Ng, L.</subfield>
    <subfield code="0">0000-0002-3468-8558</subfield>
    <subfield code="b">94</subfield>
  </datafield>
  <datafield tag="700" ind1="1" ind2=" ">
    <subfield code="a">Nissen, E.</subfield>
    <subfield code="0">0000-0001-9742-8334</subfield>
    <subfield code="b">95</subfield>
  </datafield>
  <datafield tag="700" ind1="1" ind2=" ">
    <subfield code="a">Orešić, S.</subfield>
    <subfield code="b">96</subfield>
  </datafield>
  <datafield tag="700" ind1="1" ind2=" ">
    <subfield code="a">Ostrovidov, A. I.</subfield>
    <subfield code="0">0000-0001-6415-6061</subfield>
    <subfield code="b">97</subfield>
  </datafield>
  <datafield tag="700" ind1="1" ind2=" ">
    <subfield code="a">Papandreou, Z.</subfield>
    <subfield code="0">0000-0002-5592-8135</subfield>
    <subfield code="b">98</subfield>
  </datafield>
  <datafield tag="700" ind1="1" ind2=" ">
    <subfield code="a">Paudel, C.</subfield>
    <subfield code="0">0000-0003-3801-1648</subfield>
    <subfield code="b">99</subfield>
  </datafield>
  <datafield tag="700" ind1="1" ind2=" ">
    <subfield code="a">Pedroni, R.</subfield>
    <subfield code="b">100</subfield>
  </datafield>
  <datafield tag="700" ind1="1" ind2=" ">
    <subfield code="a">Pentchev, L.</subfield>
    <subfield code="0">0000-0001-5624-3106</subfield>
    <subfield code="b">101</subfield>
  </datafield>
  <datafield tag="700" ind1="1" ind2=" ">
    <subfield code="a">Peters, K. J.</subfield>
    <subfield code="0">P:(DE-Ds200)OR0936</subfield>
    <subfield code="b">102</subfield>
    <subfield code="u">gsi</subfield>
  </datafield>
  <datafield tag="700" ind1="1" ind2=" ">
    <subfield code="a">Prather, E.</subfield>
    <subfield code="b">103</subfield>
  </datafield>
  <datafield tag="700" ind1="1" ind2=" ">
    <subfield code="a">Puthiya Veetil, L.</subfield>
    <subfield code="b">104</subfield>
  </datafield>
  <datafield tag="700" ind1="1" ind2=" ">
    <subfield code="a">Rakshit, S.</subfield>
    <subfield code="0">0009-0001-6820-8196</subfield>
    <subfield code="b">105</subfield>
  </datafield>
  <datafield tag="700" ind1="1" ind2=" ">
    <subfield code="a">Reinhold, J.</subfield>
    <subfield code="0">0000-0001-5876-9654</subfield>
    <subfield code="b">106</subfield>
  </datafield>
  <datafield tag="700" ind1="1" ind2=" ">
    <subfield code="a">Remington, A.</subfield>
    <subfield code="0">0009-0009-4959-048X</subfield>
    <subfield code="b">107</subfield>
  </datafield>
  <datafield tag="700" ind1="1" ind2=" ">
    <subfield code="a">Ritchie, B. G.</subfield>
    <subfield code="0">0000-0002-1705-5150</subfield>
    <subfield code="b">108</subfield>
  </datafield>
  <datafield tag="700" ind1="1" ind2=" ">
    <subfield code="a">Ritman, J.</subfield>
    <subfield code="0">P:(DE-Ds200)OR2859</subfield>
    <subfield code="b">109</subfield>
    <subfield code="u">gsi</subfield>
  </datafield>
  <datafield tag="700" ind1="1" ind2=" ">
    <subfield code="a">Rodriguez, G.</subfield>
    <subfield code="0">0000-0002-1443-0277</subfield>
    <subfield code="b">110</subfield>
  </datafield>
  <datafield tag="700" ind1="1" ind2=" ">
    <subfield code="a">Romanov, D.</subfield>
    <subfield code="0">0000-0001-6826-2291</subfield>
    <subfield code="b">111</subfield>
  </datafield>
  <datafield tag="700" ind1="1" ind2=" ">
    <subfield code="a">Saldana, K.</subfield>
    <subfield code="0">0000-0002-6161-0967</subfield>
    <subfield code="b">112</subfield>
  </datafield>
  <datafield tag="700" ind1="1" ind2=" ">
    <subfield code="a">Salgado, C.</subfield>
    <subfield code="b">113</subfield>
  </datafield>
  <datafield tag="700" ind1="1" ind2=" ">
    <subfield code="a">Schadmand, S.</subfield>
    <subfield code="0">P:(DE-Ds200)OR4778</subfield>
    <subfield code="b">114</subfield>
    <subfield code="u">gsi</subfield>
  </datafield>
  <datafield tag="700" ind1="1" ind2=" ">
    <subfield code="a">Schertz, A. M.</subfield>
    <subfield code="0">0000-0002-6805-4721</subfield>
    <subfield code="b">115</subfield>
  </datafield>
  <datafield tag="700" ind1="1" ind2=" ">
    <subfield code="a">Scheuer, K.</subfield>
    <subfield code="0">0009-0000-4604-9617</subfield>
    <subfield code="b">116</subfield>
  </datafield>
  <datafield tag="700" ind1="1" ind2=" ">
    <subfield code="a">Schick, A.</subfield>
    <subfield code="b">117</subfield>
  </datafield>
  <datafield tag="700" ind1="1" ind2=" ">
    <subfield code="a">Schmidt, A.</subfield>
    <subfield code="b">118</subfield>
  </datafield>
  <datafield tag="700" ind1="1" ind2=" ">
    <subfield code="a">Schumacher, R. A.</subfield>
    <subfield code="b">119</subfield>
  </datafield>
  <datafield tag="700" ind1="1" ind2=" ">
    <subfield code="a">Schwiening, J.</subfield>
    <subfield code="0">P:(DE-Ds200)OR3029</subfield>
    <subfield code="b">120</subfield>
    <subfield code="u">gsi</subfield>
  </datafield>
  <datafield tag="700" ind1="1" ind2=" ">
    <subfield code="a">Scott, M.</subfield>
    <subfield code="b">121</subfield>
  </datafield>
  <datafield tag="700" ind1="1" ind2=" ">
    <subfield code="a">Septian, N.</subfield>
    <subfield code="0">0009-0003-5282-540X</subfield>
    <subfield code="b">122</subfield>
  </datafield>
  <datafield tag="700" ind1="1" ind2=" ">
    <subfield code="a">Sharp, P.</subfield>
    <subfield code="0">0000-0001-7532-3152</subfield>
    <subfield code="b">123</subfield>
  </datafield>
  <datafield tag="700" ind1="1" ind2=" ">
    <subfield code="a">Shen, V.</subfield>
    <subfield code="0">0000-0002-0737-5193</subfield>
    <subfield code="b">124</subfield>
  </datafield>
  <datafield tag="700" ind1="1" ind2=" ">
    <subfield code="a">Shen, X.</subfield>
    <subfield code="0">0000-0002-6087-5517</subfield>
    <subfield code="b">125</subfield>
  </datafield>
  <datafield tag="700" ind1="1" ind2=" ">
    <subfield code="a">Shepherd, M. R.</subfield>
    <subfield code="0">0000-0002-5327-5927</subfield>
    <subfield code="b">126</subfield>
  </datafield>
  <datafield tag="700" ind1="1" ind2=" ">
    <subfield code="a">Sikes, J.</subfield>
    <subfield code="b">127</subfield>
  </datafield>
  <datafield tag="700" ind1="1" ind2=" ">
    <subfield code="a">Smith, A.</subfield>
    <subfield code="b">128</subfield>
  </datafield>
  <datafield tag="700" ind1="1" ind2=" ">
    <subfield code="a">Smith, E. S.</subfield>
    <subfield code="0">0000-0001-5912-9026</subfield>
    <subfield code="b">129</subfield>
  </datafield>
  <datafield tag="700" ind1="1" ind2=" ">
    <subfield code="a">Sober, D. I.</subfield>
    <subfield code="b">130</subfield>
  </datafield>
  <datafield tag="700" ind1="1" ind2=" ">
    <subfield code="a">Somov, A.</subfield>
    <subfield code="b">131</subfield>
  </datafield>
  <datafield tag="700" ind1="1" ind2=" ">
    <subfield code="a">Somov, S.</subfield>
    <subfield code="b">132</subfield>
  </datafield>
  <datafield tag="700" ind1="1" ind2=" ">
    <subfield code="a">Stevens, J. R.</subfield>
    <subfield code="0">0000-0002-0816-200X</subfield>
    <subfield code="b">133</subfield>
  </datafield>
  <datafield tag="700" ind1="1" ind2=" ">
    <subfield code="a">Strakovsky, I. I.</subfield>
    <subfield code="0">0000-0001-8586-9482</subfield>
    <subfield code="b">134</subfield>
  </datafield>
  <datafield tag="700" ind1="1" ind2=" ">
    <subfield code="a">Sumner, B.</subfield>
    <subfield code="b">135</subfield>
  </datafield>
  <datafield tag="700" ind1="1" ind2=" ">
    <subfield code="a">Suresh, K.</subfield>
    <subfield code="0">0000-0002-0752-6430</subfield>
    <subfield code="b">136</subfield>
  </datafield>
  <datafield tag="700" ind1="1" ind2=" ">
    <subfield code="a">Tarasov, V. V.</subfield>
    <subfield code="0">0000-0002-5101-3392</subfield>
    <subfield code="b">137</subfield>
  </datafield>
  <datafield tag="700" ind1="1" ind2=" ">
    <subfield code="a">Taylor, S.</subfield>
    <subfield code="0">0009-0005-2542-9000</subfield>
    <subfield code="b">138</subfield>
  </datafield>
  <datafield tag="700" ind1="1" ind2=" ">
    <subfield code="a">Teymurazyan, A.</subfield>
    <subfield code="b">139</subfield>
  </datafield>
  <datafield tag="700" ind1="1" ind2=" ">
    <subfield code="a">Thiel, A.</subfield>
    <subfield code="0">0000-0003-0753-696X</subfield>
    <subfield code="b">140</subfield>
  </datafield>
  <datafield tag="700" ind1="1" ind2=" ">
    <subfield code="a">Viducic, T.</subfield>
    <subfield code="0">0009-0003-5562-6465</subfield>
    <subfield code="b">141</subfield>
  </datafield>
  <datafield tag="700" ind1="1" ind2=" ">
    <subfield code="a">Whitlatch, T.</subfield>
    <subfield code="b">142</subfield>
  </datafield>
  <datafield tag="700" ind1="1" ind2=" ">
    <subfield code="a">Wickramaarachchi, N.</subfield>
    <subfield code="0">0000-0002-7109-4097</subfield>
    <subfield code="b">143</subfield>
  </datafield>
  <datafield tag="700" ind1="1" ind2=" ">
    <subfield code="a">Wunderlich, Y.</subfield>
    <subfield code="b">144</subfield>
  </datafield>
  <datafield tag="700" ind1="1" ind2=" ">
    <subfield code="a">Yu, B.</subfield>
    <subfield code="0">0000-0003-3420-2527</subfield>
    <subfield code="b">145</subfield>
  </datafield>
  <datafield tag="700" ind1="1" ind2=" ">
    <subfield code="a">Zarling, J.</subfield>
    <subfield code="0">0000-0002-7791-0585</subfield>
    <subfield code="b">146</subfield>
  </datafield>
  <datafield tag="700" ind1="1" ind2=" ">
    <subfield code="a">Zhang, Z.</subfield>
    <subfield code="b">147</subfield>
  </datafield>
  <datafield tag="700" ind1="1" ind2=" ">
    <subfield code="a">Zhou, X.</subfield>
    <subfield code="b">148</subfield>
  </datafield>
  <datafield tag="700" ind1="1" ind2=" ">
    <subfield code="a">Zihlmann, B.</subfield>
    <subfield code="0">0009-0000-2342-9684</subfield>
    <subfield code="b">149</subfield>
  </datafield>
  <datafield tag="700" ind1="1" ind2=" ">
    <subfield code="a">Gluex Collaboration</subfield>
    <subfield code="0">P:(DE-HGF)0</subfield>
    <subfield code="b">150</subfield>
    <subfield code="e">Corresponding author</subfield>
  </datafield>
  <datafield tag="773" ind1=" " ind2=" ">
    <subfield code="a">10.1103/2tdc-5by6</subfield>
    <subfield code="g">Vol. 112, no. 2, p. 025203</subfield>
    <subfield code="0">PERI:(DE-600)2844098-5</subfield>
    <subfield code="n">2</subfield>
    <subfield code="p">025203</subfield>
    <subfield code="t">Physical review / C</subfield>
    <subfield code="v">112</subfield>
    <subfield code="y">2025</subfield>
    <subfield code="x">2469-9985</subfield>
  </datafield>
  <datafield tag="856" ind1="4" ind2=" ">
    <subfield code="u">http://repository.gsi.de/record/362230/files/2tdc-5by6.pdf</subfield>
    <subfield code="y">OpenAccess</subfield>
  </datafield>
  <datafield tag="856" ind1="4" ind2=" ">
    <subfield code="u">http://repository.gsi.de/record/362230/files/2tdc-5by6.pdf?subformat=pdfa</subfield>
    <subfield code="x">pdfa</subfield>
    <subfield code="y">OpenAccess</subfield>
  </datafield>
  <datafield tag="909" ind1="C" ind2="O">
    <subfield code="o">oai:repository.gsi.de:362230</subfield>
    <subfield code="p">openaire</subfield>
    <subfield code="p">open_access</subfield>
    <subfield code="p">driver</subfield>
    <subfield code="p">VDB</subfield>
    <subfield code="p">openCost</subfield>
    <subfield code="p">dnbdelivery</subfield>
  </datafield>
  <datafield tag="910" ind1="1" ind2=" ">
    <subfield code="a">GSI Helmholtzzentrum für Schwerionenforschung GmbH</subfield>
    <subfield code="0">I:(DE-Ds200)20121206GSI</subfield>
    <subfield code="k">GSI</subfield>
    <subfield code="b">34</subfield>
    <subfield code="6">P:(DE-Ds200)OR6529</subfield>
  </datafield>
  <datafield tag="910" ind1="1" ind2=" ">
    <subfield code="a">GSI Helmholtzzentrum für Schwerionenforschung GmbH</subfield>
    <subfield code="0">I:(DE-Ds200)20121206GSI</subfield>
    <subfield code="k">GSI</subfield>
    <subfield code="b">102</subfield>
    <subfield code="6">P:(DE-Ds200)OR0936</subfield>
  </datafield>
  <datafield tag="910" ind1="1" ind2=" ">
    <subfield code="a">GSI Helmholtzzentrum für Schwerionenforschung GmbH</subfield>
    <subfield code="0">I:(DE-Ds200)20121206GSI</subfield>
    <subfield code="k">GSI</subfield>
    <subfield code="b">109</subfield>
    <subfield code="6">P:(DE-Ds200)OR2859</subfield>
  </datafield>
  <datafield tag="910" ind1="1" ind2=" ">
    <subfield code="a">GSI Helmholtzzentrum für Schwerionenforschung GmbH</subfield>
    <subfield code="0">I:(DE-Ds200)20121206GSI</subfield>
    <subfield code="k">GSI</subfield>
    <subfield code="b">114</subfield>
    <subfield code="6">P:(DE-Ds200)OR4778</subfield>
  </datafield>
  <datafield tag="910" ind1="1" ind2=" ">
    <subfield code="a">GSI Helmholtzzentrum für Schwerionenforschung GmbH</subfield>
    <subfield code="0">I:(DE-Ds200)20121206GSI</subfield>
    <subfield code="k">GSI</subfield>
    <subfield code="b">120</subfield>
    <subfield code="6">P:(DE-Ds200)OR3029</subfield>
  </datafield>
  <datafield tag="913" ind1="1" ind2=" ">
    <subfield code="a">DE-HGF</subfield>
    <subfield code="b">Forschungsbereich Materie</subfield>
    <subfield code="l">Matter and the Universe</subfield>
    <subfield code="1">G:(DE-HGF)POF4-610</subfield>
    <subfield code="0">G:(DE-HGF)POF4-612</subfield>
    <subfield code="3">G:(DE-HGF)POF4</subfield>
    <subfield code="2">G:(DE-HGF)POF4-600</subfield>
    <subfield code="4">G:(DE-HGF)POF</subfield>
    <subfield code="v">Cosmic Matter in the Laboratory</subfield>
    <subfield code="x">0</subfield>
  </datafield>
  <datafield tag="914" ind1="1" ind2=" ">
    <subfield code="y">2025</subfield>
  </datafield>
  <datafield tag="915" ind1=" " ind2=" ">
    <subfield code="a">DBCoverage</subfield>
    <subfield code="0">StatID:(DE-HGF)0200</subfield>
    <subfield code="2">StatID</subfield>
    <subfield code="b">SCOPUS</subfield>
    <subfield code="d">2025-01-06</subfield>
  </datafield>
  <datafield tag="915" ind1=" " ind2=" ">
    <subfield code="a">DBCoverage</subfield>
    <subfield code="0">StatID:(DE-HGF)0300</subfield>
    <subfield code="2">StatID</subfield>
    <subfield code="b">Medline</subfield>
    <subfield code="d">2025-01-06</subfield>
  </datafield>
  <datafield tag="915" ind1=" " ind2=" ">
    <subfield code="a">DBCoverage</subfield>
    <subfield code="0">StatID:(DE-HGF)1230</subfield>
    <subfield code="2">StatID</subfield>
    <subfield code="b">Current Contents - Electronics and Telecommunications Collection</subfield>
    <subfield code="d">2025-01-06</subfield>
  </datafield>
  <datafield tag="915" ind1=" " ind2=" ">
    <subfield code="a">Creative Commons Attribution CC BY 4.0</subfield>
    <subfield code="0">LIC:(DE-HGF)CCBY4</subfield>
    <subfield code="2">HGFVOC</subfield>
  </datafield>
  <datafield tag="915" ind1=" " ind2=" ">
    <subfield code="a">DBCoverage</subfield>
    <subfield code="0">StatID:(DE-HGF)0600</subfield>
    <subfield code="2">StatID</subfield>
    <subfield code="b">Ebsco Academic Search</subfield>
    <subfield code="d">2025-01-06</subfield>
  </datafield>
  <datafield tag="915" ind1=" " ind2=" ">
    <subfield code="a">DBCoverage</subfield>
    <subfield code="0">StatID:(DE-HGF)1150</subfield>
    <subfield code="2">StatID</subfield>
    <subfield code="b">Current Contents - Physical, Chemical and Earth Sciences</subfield>
    <subfield code="d">2025-01-06</subfield>
  </datafield>
  <datafield tag="915" ind1=" " ind2=" ">
    <subfield code="a">WoS</subfield>
    <subfield code="0">StatID:(DE-HGF)0113</subfield>
    <subfield code="2">StatID</subfield>
    <subfield code="b">Science Citation Index Expanded</subfield>
    <subfield code="d">2025-01-06</subfield>
  </datafield>
  <datafield tag="915" ind1=" " ind2=" ">
    <subfield code="a">DBCoverage</subfield>
    <subfield code="0">StatID:(DE-HGF)0150</subfield>
    <subfield code="2">StatID</subfield>
    <subfield code="b">Web of Science Core Collection</subfield>
    <subfield code="d">2025-01-06</subfield>
  </datafield>
  <datafield tag="915" ind1=" " ind2=" ">
    <subfield code="a">IF &lt; 5</subfield>
    <subfield code="0">StatID:(DE-HGF)9900</subfield>
    <subfield code="2">StatID</subfield>
    <subfield code="d">2025-01-06</subfield>
  </datafield>
  <datafield tag="915" ind1=" " ind2=" ">
    <subfield code="a">OpenAccess</subfield>
    <subfield code="0">StatID:(DE-HGF)0510</subfield>
    <subfield code="2">StatID</subfield>
  </datafield>
  <datafield tag="915" ind1=" " ind2=" ">
    <subfield code="a">Peer Review</subfield>
    <subfield code="0">StatID:(DE-HGF)0030</subfield>
    <subfield code="2">StatID</subfield>
    <subfield code="b">ASC</subfield>
    <subfield code="d">2025-01-06</subfield>
  </datafield>
  <datafield tag="915" ind1=" " ind2=" ">
    <subfield code="a">JCR</subfield>
    <subfield code="0">StatID:(DE-HGF)0100</subfield>
    <subfield code="2">StatID</subfield>
    <subfield code="b">PHYS REV C : 2022</subfield>
    <subfield code="d">2025-01-06</subfield>
  </datafield>
  <datafield tag="915" ind1=" " ind2=" ">
    <subfield code="a">DBCoverage</subfield>
    <subfield code="0">StatID:(DE-HGF)0160</subfield>
    <subfield code="2">StatID</subfield>
    <subfield code="b">Essential Science Indicators</subfield>
    <subfield code="d">2025-01-06</subfield>
  </datafield>
  <datafield tag="915" ind1=" " ind2=" ">
    <subfield code="a">DBCoverage</subfield>
    <subfield code="0">StatID:(DE-HGF)0199</subfield>
    <subfield code="2">StatID</subfield>
    <subfield code="b">Clarivate Analytics Master Journal List</subfield>
    <subfield code="d">2025-01-06</subfield>
  </datafield>
  <datafield tag="915" ind1="p" ind2="c">
    <subfield code="a">APC keys set</subfield>
    <subfield code="2">APC</subfield>
    <subfield code="0">PC:(DE-HGF)0000</subfield>
  </datafield>
  <datafield tag="915" ind1="p" ind2="c">
    <subfield code="a">DFG OA Publikationskosten</subfield>
    <subfield code="2">APC</subfield>
    <subfield code="0">PC:(DE-HGF)0002</subfield>
  </datafield>
  <datafield tag="915" ind1="p" ind2="c">
    <subfield code="a">External cost splitting</subfield>
    <subfield code="2">APC</subfield>
    <subfield code="0">PC:(DE-HGF)0004</subfield>
  </datafield>
  <datafield tag="915" ind1="p" ind2="c">
    <subfield code="a">TIB: American Physical Society 01.01.2025</subfield>
    <subfield code="2">APC</subfield>
    <subfield code="0">PC:(DE-HGF)0133</subfield>
  </datafield>
  <datafield tag="920" ind1="1" ind2=" ">
    <subfield code="0">I:(DE-Ds200)FFN-20210302OR452</subfield>
    <subfield code="k">FFN</subfield>
    <subfield code="l">FAIR Forschung NRW</subfield>
    <subfield code="x">0</subfield>
  </datafield>
  <datafield tag="920" ind1="1" ind2=" ">
    <subfield code="0">I:(DE-Ds200)HPD-20121002OR242</subfield>
    <subfield code="k">HPD</subfield>
    <subfield code="l">PANDA Detektoren</subfield>
    <subfield code="x">1</subfield>
  </datafield>
  <datafield tag="920" ind1="1" ind2=" ">
    <subfield code="0">I:(DE-Ds200)HSP-20080821OR101</subfield>
    <subfield code="k">HSP</subfield>
    <subfield code="l">Hadronenspektroskopie</subfield>
    <subfield code="x">2</subfield>
  </datafield>
  <datafield tag="980" ind1="1" ind2=" ">
    <subfield code="a">FullTexts</subfield>
  </datafield>
  <datafield tag="980" ind1=" " ind2=" ">
    <subfield code="a">journal</subfield>
  </datafield>
  <datafield tag="980" ind1=" " ind2=" ">
    <subfield code="a">VDB</subfield>
  </datafield>
  <datafield tag="980" ind1=" " ind2=" ">
    <subfield code="a">I:(DE-Ds200)FFN-20210302OR452</subfield>
  </datafield>
  <datafield tag="980" ind1=" " ind2=" ">
    <subfield code="a">I:(DE-Ds200)HPD-20121002OR242</subfield>
  </datafield>
  <datafield tag="980" ind1=" " ind2=" ">
    <subfield code="a">I:(DE-Ds200)HSP-20080821OR101</subfield>
  </datafield>
  <datafield tag="980" ind1=" " ind2=" ">
    <subfield code="a">UNRESTRICTED</subfield>
  </datafield>
  <datafield tag="980" ind1=" " ind2=" ">
    <subfield code="a">APC</subfield>
  </datafield>
</record>
</collection>